000
00302nam a2200109 4500
008
160623b xxu||||| |||| 00| 0 eng d
100
_9
701
_a
Mallinson, G.G
245
_a
Science Teacher Edition - 3
260
_a
Can
_b
Silver Burdett Com.
_c
1978
300
_a
Science Teacher Edition - 3
942
_2
ddc
_c
BK
999
_c
566
_d
566